Sprachlich einseitigste Länder der Welt - Statistiken

Allgemein
  • Dieses Quiz wurde 235 mal gespielt
  • Das Durchschnittsergebnis liegt bei 11 aus 25
Antwortstatistiken
Platz Land Index Amtssprache % Korrekt
1. Nordkorea 0 Koreanisch
99%
1. Montenegro 0 Montenegrinisch
95%
7. Südkorea 0,003 Koreanische
91%
1. Vatikanstadt 0 Latein
90%
18. Island 0,019 Isländisch
81%
23. Japan 0,028 Japanisch
75%
20. Portugal 0,022 Portugiesisch
70%
25. Brasilien 0,032 Portugiesisch
62%
5. Kuba 0,001 Spanisch
39%
1. Haiti 0 Französisch
38%
24. Kolumbien 0,03 Spanisch
36%
19. St. Lucia 0,02 Englisch
36%
12. St. Kitts und Nevis 0,01 Englisch
35%
11. St. Vincent und die Grenadinen 0,009 Englisch
34%
14. Jamaika 0,011 Englisch
33%
21. Venezuela 0,026 Spanisch
33%
8. El Salvador 0,004 Spanisch
32%
12. Malediven 0,01 Dhivehi
25%
22. Marshallinseln 0,027 Englisch
25%
8. Bhutan 0,004 Dzongkha
24%
6. Samoa 0,002 Englisch
24%
16. Tonga 0,014 Englisch
24%
17. Malta 0,016 Englisch
17%
15. Tunesien 0,012 Arabisch
15%
8. Ruanda 0,004 Kinyarwanda
14%
Keine übereinstimmenden Quizze gefunden
Verteilung der Resultate
Anzahl Personen mit jedem Resultat
Perzentil nach korrekt beantworteten Fragen
Ihre Resultats-Entwicklung
Sie haben dieses Quiz noch nicht gespielt